Movimientos en el imperio : pasajes y paisajes /

Gespeichert in:
Bibliographische Detailangaben
1. Verfasser: Negri, Antonio (autor)
Weitere Verfasser: Revilla Guzmán, Carmen (traducción) (traducción)
Format: Buch
Sprache:Spanisch
Veröffentlicht: Barcelona, España : Paidós, 2006, c2006
Schriftenreihe:(Paidós Estado y Sociedad ; 142)
Schlagworte:
Tags: Tag hinzufügen
Keine Tags, Fügen Sie das erste Tag hinzu!

MARC

LEADER 00000nam^a2200000^a^4500
001 000194650
005 20250521000000.0
009 20260310102725.439
020 |a 84-493-1943-9 
037 |a Acervo ITESO - Biblioteca 
041 |a ESP 
082 |a 320. 9  |b NEG 
100 |a Negri, Antonio  |e (autor) 
245 1 0 |a Movimientos en el imperio :  |b pasajes y paisajes /  |c A. Negri ; tr. por C. Revilla Guzmán. 
264 4 |a Barcelona, España :  |b Paidós,  |c 2006, c2006 
300 |a 270 p. 
336 |a texto  |b txt  |2 rdacontenido 
337 |a sin mediación  |b n  |2 rdamedio 
338 |a volumen  |b nc  |2 rdasoporte 
440 1 |a (Paidós Estado y Sociedad ;  |v 142) 
500 |a Traducción de: Movimenti nell'Impero. Passaggi e paessaggi 
649 |a XX 
650 |a Neoliberalismo 
650 |a Hegemonía -  |z Unión Europea 
650 |a Hegemonía -  |z EUA 
650 |a Imperialismo -  |x Tema Principal 
650 |a Poder Político 
650 |a Globalización -  |x Tema Principal 
650 |a Política Internacional -  |x Historia -  |y 2000-2009 
650 |a Política Internacional -  |x Historia -  |y Siglo XXI 
700 |a Revilla Guzmán, Carmen  |e (traducción) 
910 |a Fondo General 
920 |a Impresos - Libros 
930 |a Colección General 
905 |a 101 
901 |a 0500139835  |b IT1  |c ACC  |u 20250521 
902 |a https://opac.biblio.iteso.mx/vufind/Record/000194650